| 000 | 00500nas a22001937i 4500 | ||
|---|---|---|---|
| 001 | 5774 | ||
| 003 | OSt | ||
| 005 | 20170126082349.0 | ||
| 007 | tu | ||
| 008 | 161220s xxu||||| |||| 00| 0 d | ||
| 022 | _a0030-6428 | ||
| 024 | 7 |
_a5774 _2RID |
|
| 024 | 7 |
_a5774 _2RSN (alt) |
|
| 040 | _cOSt | ||
| 245 | 0 | 0 |
_aOsteuropa _bZeitschrift für Gegenwartsfragen des Osten |
| 260 |
_aStuttgart : _bDeutsche Verlags-Anstalt. |
||
| 110 | 2 | _aDeutsche Gesellschaft für Osteuropakunde | |
| 866 | 0 | _u1991 41/1 - 1996 46/9 | |
| 942 | _cJ | ||
| 999 |
_c5511 _d5511 |
||